Verwaltungsgliederung des Nazi-Deutschlands auf einer Karte - Statistiken

Allgemein
  • Dieses Quiz wurde 197 mal gespielt
  • Das Durchschnittsergebnis liegt bei 26 aus 52
Antworten auf der Karte
Die Antworten werden auf der Karte rot bzw. grün angezeigt, abhängig davon wie oft sie richtig erraten wurden.
 
Antwortstatistiken
Antwort % Korrekt
Berlin
98%
Brandenburg
91%
Hamburg
91%
Schleswig-Holstein
89%
Baden
86%
Sachsen
85%
Mecklenburg
84%
Hessen-Nassau
83%
Wien
83%
Danzig-Westpreußen
82%
Württemberg- Hohenzollern
82%
Thüringen
79%
Magdeburg-Anhalt
77%
München- Oberbayern
75%
Pommern
75%
Tirol und Vorarlberg
74%
Köln-Aachen
72%
Salzburg
72%
Franken
70%
Elsass
69%
Böhmen und Mähren
65%
Ostpreußen
63%
Düsseldorf
61%
Lothringen
61%
Schwaben
59%
Sudetenland
59%
Luxemburg
58%
Steiermark
55%
Kärnten
53%
Oberschlesien
49%
Niederschlesien
45%
Essen
41%
Halle-Merseburg
39%
Weser-Ems
36%
Süd-Hannover- Braunschweig
32%
Generalgouvernement
29%
Oberdonau
23%
Niederdonau
22%
Bialystok
20%
Wartheland
19%
Krain
18%
Bayreuth
17%
Mainfranken
16%
Westmark
15%
Moselland
14%
Kurhessen
12%
Westfalen-Nord
9%
Westfalen-Süd
9%
Ost-Hannover
8%
Untersteiermark
7%
Operationszone Adriatisches Küstenland
5%
Operationszone Alpenvorland
5%
Keine übereinstimmenden Quizze gefunden
Verteilung der Resultate
Anzahl Personen mit jedem Resultat
Perzentil nach korrekt beantworteten Fragen
Ihre Resultats-Entwicklung
Sie haben dieses Quiz noch nicht gespielt